Công nghệ sinh học : Dùng cho sinh viên ĐH, CĐ chuyên và không chuyên ngành CNSH, giáo viên và học sinh THPT

Spremljeno u:
Bibliografski detalji
Glavni autor: Nguyễn, Như Hiền
Format: Knjiga
Jezik:Undetermined
Izdano: Hà Nội Giáo dục 2005
Teme:
Oznake: Dodaj oznaku
Bez oznaka, Budi prvi tko označuje ovaj zapis!
Thư viện lưu trữ: Trung tâm Học liệu Trường Đại học Cần Thơ
LEADER 00722nam a2200217Ia 4500
001 CTU_101638
008 210402s9999 xx 000 0 und d
020 |c 29500 
082 |a 660.6 
082 |b C455/T.1 
100 |a Nguyễn, Như Hiền 
245 0 |a Công nghệ sinh học : 
245 0 |b Dùng cho sinh viên ĐH, CĐ chuyên và không chuyên ngành CNSH, giáo viên và học sinh THPT 
245 0 |c Nguyễn Như Hiền 
260 |a Hà Nội 
260 |b Giáo dục 
260 |c 2005 
650 |a Cytology,Molecular biology 
904 |i Minh, Trọng Hiếu 
910 |a Lấy cutter theo tên sách 
980 |a Trung tâm Học liệu Trường Đại học Cần Thơ